Cách đặt tên con và lễ cúng gọi hồn của người Giáy Lào Cai /

محفوظ في:
التفاصيل البيبلوغرافية
المؤلف الرئيسي: Sần Cháng.
التنسيق: مقال
اللغة:Vietnamese
الموضوعات:
الوسوم: إضافة وسم
لا توجد وسوم, كن أول من يضع وسما على هذه التسجيلة!
Thư viện lưu trữ: Thư viện Trường Đại học Đà Lạt
LEADER 00819nam a2200277 4500
001 DLU090066445
005 ##20090410
040 # # |a DLU  |b vie 
041 # # |a vie 
044 # # |a vn 
100 # # |a Sần Cháng. 
245 # # |a Cách đặt tên con và lễ cúng gọi hồn của người Giáy Lào Cai /  |c Sần Cháng. 
653 # # |a Dân tộc Giáy 
653 # # |a Dân tộc thiểu số 
653 # # |a Phong tục cổ truyền 
653 # # |a Tín ngưỡng dân gian 
773 # # |t Dân tộc học  |g Số 1(105), 2000, tr. 26-29 
920 # # |a Phòng Tạp chí -- Trung tâm Thông tin - Thư viện Trường Đại học Đà Lạt 
994 # # |a DLU 
900 # # |a True 
911 # # |a Đào Thị Thu Huyền 
925 # # |a G 
926 # # |a A 
927 # # |a BB 
980 # # |a Thư viện Trường Đại học Đà Lạt